[Event "III Memorial Oliver Gonzalez (Torneo A)"]
[Site "Polideportivo Daoiz y Velarde,"]
[Date "2012.09.01"]
[Round "1"]
[White "Solaesa Navalpotro, Luis Julio"]
[Black "Fedorchuk, Sergey A"]
[Result "0-1"]
[WhiteElo "2235"]
[BlackElo "2646"]
[PlyCount "62"]
[EventDate "2012.09.01"]
[EventRounds "9"]
[EventCountry "ESP"]

1. d4 Nf6 2. Nf3 e6 3. g3 b5 4. Bg2 Bb7 5. O-O c5 6. a4 b4 7. c4 Na6 8. d5 exd5
9. Nh4 Nc7 10. Nd2 Be7 11. cxd5 Bxd5 12. e4 Be6 13. f4 d6 14. e5 dxe5 15. Bc6+
Nd7 16. Bxa8 Qxa8 17. Ndf3 c4 18. Qe2 exf4 19. Bxf4 Nd5 20. Be5 Nxe5 21. Qxe5
O-O 22. Nd4 Bh3 23. Rfe1 c3 24. bxc3 Bf6 25. Qe2 Nxc3 26. Qf2 Rd8 27. Ndf3 b3
28. Ra3 Rb8 29. Nd2 b2 30. Nb1 Nxb1 31. Rxb1 Qe4 0-1

[Event "III Memorial Oliver Gonzalez (Torneo A)"]
[Site "Polideportivo Daoiz y Velarde,"]
[Date "2012.09.01"]
[Round "1"]
[White "Kravtsiv, Martyn"]
[Black "Ballesteros Gonzalez, David"]
[Result "1-0"]
[WhiteElo "2581"]
[BlackElo "2227"]
[PlyCount "109"]
[EventDate "2012.09.01"]
[EventRounds "9"]
[EventCountry "ESP"]

1. e4 g6 2. d4 d6 3. Nc3 c6 4. f4 d5 5. e5 h5 6. Be3 Nh6 7. Nf3 Bf5 8. Be2 e6
9. h3 Nd7 10. Qd2 Bb4 11. Ng5 f6 12. Nf3 Be4 13. O-O Bxf3 14. Rxf3 f5 15. a3
Be7 16. Nd1 Nf7 17. Rg3 Nf8 18. c4 h4 19. Rf3 a6 20. Nf2 Rg8 21. Rc1 g5 22.
cxd5 cxd5 23. Nd3 g4 24. hxg4 fxg4 25. Rff1 Nh6 26. Nc5 Bxc5 27. Rxc5 Nf5 28.
Bd3 Nd7 29. Rc2 Ng3 30. Bf2 Nxf1 31. Bxf1 g3 32. Be3 Nf8 33. Qc1 Kd7 34. f5 Rc8
35. f6 h3 36. gxh3 Ng6 37. Be2 Qa5 38. Rxc8 Rxc8 39. Qd1 Qb6 40. Qb1 Qb3 41.
Bh6 Nf8 42. Bd1 Qc4 43. Be3 Kc7 44. h4 Kb8 45. h5 Nd7 46. Kg2 Qb5 47. h6 Qa5
48. Bg4 Qb6 49. Bg1 Rh8 50. Qc1 Qb3 51. Bxe6 Rc8 52. Qe3 Qxb2+ 53. Kxg3 Rc3 54.
h7 Rxe3+ 55. Bxe3 1-0

[Event "III Memorial Oliver Gonzalez (Torneo A)"]
[Site "Polideportivo Daoiz y Velarde,"]
[Date "2012.09.01"]
[Round "1"]
[White "Fernandez Blazquez, Diego"]
[Black "Hernandez Carmenates, Holden"]
[Result "1/2-1/2"]
[WhiteElo "2215"]
[BlackElo "2561"]
[PlyCount "65"]
[EventDate "2012.09.01"]
[EventRounds "9"]
[EventCountry "ESP"]

1. e4 c5 2. Nf3 e6 3. d4 cxd4 4. Nxd4 Nf6 5. Nc3 d6 6. g4 Nc6 7. g5 Nd7 8. Be3
Be7 9. h4 a6 10. Qd2 Qc7 11. f4 b5 12. O-O-O Nc5 13. Nxc6 Qxc6 14. Qd4 Rg8 15.
Bg2 Bb7 16. f5 a5 17. fxe6 fxe6 18. e5 d5 19. Qg4 Rh8 20. Rhf1 Rc8 21. Kb1 Na4
22. Nxa4 bxa4 23. Rc1 Ba6 24. Rf4 Rb8 25. c4 a3 26. b3 a4 27. cxd5 axb3 28.
axb3 Rxb3+ 29. Ka1 Qb5 30. Qxe6 Rxe3 31. Rc8+ Bxc8 32. Qxc8+ Bd8 33. Qe6+
1/2-1/2

[Event "III Memorial Oliver Gonzalez (Torneo A)"]
[Site "Polideportivo Daoiz y Velarde,"]
[Date "2012.09.01"]
[Round "1"]
[White "Vovk, Andrey"]
[Black "Montañes Arribas, Adrian"]
[Result "1-0"]
[WhiteElo "2549"]
[BlackElo "2200"]
[PlyCount "113"]
[EventDate "2012.09.01"]
[EventRounds "9"]
[EventCountry "ESP"]

1. e4 e5 2. Nf3 Nf6 3. Nxe5 d6 4. Nf3 Nxe4 5. c4 Nc6 6. Nc3 Nxc3 7. dxc3 g6 8.
Bg5 Qd7 9. Qd2 Bg7 10. O-O-O O-O 11. h4 h5 12. Bh6 a6 13. b3 Qf5 14. Bxg7 Kxg7
15. Kb2 Re8 16. Bd3 Qf6 17. Ng5 Bf5 18. f3 Bxd3 19. Qxd3 Ne5 20. Qd5 b5 21. Ne4
Qe6 22. c5 Qxd5 23. Rxd5 dxc5 24. Nxc5 a5 25. a4 c6 26. Rd4 Re7 27. Kc2 f6 28.
Re1 Rae8 29. Ra1 Ra7 30. Rd6 Kf7 31. Rad1 Rc7 32. R1d4 Ree7 33. Rf4 f5 34. Rfd4
Rc8 35. Rd2 Rcc7 36. Kd1 Rc8 37. Ra2 Rcc7 38. Re2 bxa4 39. Nxa4 Rcd7 40. Rxd7
Rxd7+ 41. Kc2 Kf6 42. f4 Nf7 43. Nc5 Rd5 44. Re6+ Kg7 45. Nd3 Rd6 46. Re7 Kf6
47. Ra7 Re6 48. Kd2 Nd6 49. Rxa5 Ne4+ 50. Kc2 Ng3 51. Re5 Nf1 52. Rxe6+ Kxe6
53. Ne1 Ne3+ 54. Kd3 Nd5 55. g3 Nf6 56. Nf3 Nd7 57. b4 1-0

[Event "III Memorial Oliver Gonzalez (Torneo A)"]
[Site "Polideportivo Daoiz y Velarde,"]
[Date "2012.09.01"]
[Round "1"]
[White "Horcajada Reales, Guillermo"]
[Black "Narciso Dublan, Marc"]
[Result "0-1"]
[WhiteElo "2207"]
[BlackElo "2523"]
[PlyCount "154"]
[EventDate "2012.09.01"]
[EventRounds "9"]
[EventCountry "ESP"]

1. d4 Nf6 2. c4 e6 3. Nc3 Bb4 4. e3 O-O 5. Bd3 d5 6. Nf3 Nc6 7. a3 dxc4 8. Bxc4
Bd6 9. e4 e5 10. d5 Ne7 11. O-O Ng6 12. Re1 a6 13. b4 Bd7 14. Bd2 Qe7 15. Qb3
b5 16. Bf1 h6 17. g3 c5 18. dxc6 Bxc6 19. Nd5 Nxd5 20. exd5 Bd7 21. Rac1 Rae8
22. Nd4 Qf6 23. Nc6 Ne7 24. Bg2 Nf5 25. Bc3 Nd4 26. Bxd4 exd4 27. Qd3 Rxe1+ 28.
Rxe1 Rc8 29. Rd1 Bg4 30. Re1 h5 31. h3 Bd7 32. Qxd4 Qxd4 33. Nxd4 Rc3 34. Re3
Rxe3 35. fxe3 Bxg3 36. Nb3 Bc8 37. Nc5 Kf8 38. Bf1 Ke7 39. Kg2 Bd6 40. h4 f5
41. Be2 g6 42. Bf3 Kf6 43. Nd3 Be5 44. Kf2 Bc7 45. e4 fxe4 46. Bxe4 g5 47.
hxg5+ Kxg5 48. Nc5 Be5 49. Nd3 Bd6 50. Kg2 h4 51. Nc5 h3+ 52. Kf3 h2 53. Ke3
Bf4+ 54. Kd4 Kf6 55. Bh1 Be5+ 56. Ke3 Ke7 57. a4 bxa4 58. Nxa4 Bd6 59. Nc5 a5
60. bxa5 Bxc5+ 61. Ke4 Bb4 62. Kf3 Bd6 63. Kf2 Kd8 64. Be4 Bh3 65. a6 Kc7 66.
Bg2 Kb6 67. Bf3 Kxa6 68. Be4 Kb6 69. Bg2 Kc7 70. Be4 Kd8 71. Bg2 Ke7 72. Be4
Kf6 73. Bg2 Kg5 74. Kf3 Bg4+ 75. Kf2 Kf4 76. Bh1 Bh3 77. Bf3 Bc5+ 0-1

[Event "III Memorial Oliver Gonzalez (Torneo A)"]
[Site "Polideportivo Daoiz y Velarde,"]
[Date "2012.09.01"]
[Round "1"]
[White "De La Fuente Gonzalez, Francisc"]
[Black "Moreno Ruiz, Javier"]
[Result "0-1"]
[WhiteElo "2203"]
[BlackElo "2492"]
[PlyCount "78"]
[EventDate "2012.09.01"]
[EventRounds "9"]
[EventCountry "ESP"]

1. Nf3 Nf6 2. c4 e6 3. g3 d5 4. b3 Be7 5. Bg2 O-O 6. O-O d4 7. e3 c5 8. exd4
cxd4 9. Bb2 Nc6 10. Re1 Ne8 11. d3 f6 12. Na3 e5 13. Nc2 Nc7 14. Qd2 a5 15. Ba3
Bxa3 16. Nxa3 Qd6 17. Nc2 Rb8 18. Rac1 b6 19. a3 Bb7 20. b4 axb4 21. axb4 b5
22. c5 Qd7 23. Ra1 Nd5 24. Ra3 Rbd8 25. Rb3 Kh8 26. Na3 Nce7 27. Qc2 Ra8 28.
Qb2 Nc3 29. Nd2 Bxg2 30. Kxg2 Qd5+ 31. Kg1 f5 32. Rxc3 dxc3 33. Qxc3 Qa2 34.
Ndb1 f4 35. Rf1 Qe6 36. Nc2 Nc6 37. Nba3 Nd4 38. Nxd4 exd4 39. Qb2 f3 0-1

[Event "III Memorial Oliver Gonzalez (Torneo A)"]
[Site "Polideportivo Daoiz y Velarde,"]
[Date "2012.09.01"]
[Round "1"]
[White "Horvath, Adam"]
[Black "Pastor Alonso De Prado, Albert"]
[Result "1-0"]
[WhiteElo "2495"]
[BlackElo "2172"]
[PlyCount "87"]
[EventDate "2012.09.01"]
[EventRounds "9"]
[EventCountry "ESP"]

1. e4 e5 2. Nf3 Nc6 3. Bc4 Be7 4. d4 exd4 5. c3 Na5 6. Be2 dxc3 7. Nxc3 d6 8.
O-O Nf6 9. Qa4+ Nc6 10. e5 dxe5 11. Nxe5 Bd7 12. Nxc6 bxc6 13. Bf3 Nd5 14. Qd4
Bf6 15. Re1+ Ne7 16. Qc5 O-O 17. Bf4 Re8 18. Rad1 Rb8 19. Bg4 Bxc3 20. Rxd7
Bxe1 21. h3 Qc8 22. Rxc7 Qa6 23. Rxe7 Qb6 24. Bxb8 Qxb8 25. Qxa7 Bb4 26. Qxb8
Rxb8 27. Rc7 Bf8 28. b3 Ra8 29. a4 Rb8 30. Bd1 Rd8 31. Be2 Rd6 32. Kf1 g5 33.
Bc4 Rf6 34. a5 Bc5 35. f3 Rd6 36. a6 Kg7 37. Rxf7+ Kg6 38. Rc7 Kf5 39. g3 h5
40. Ke2 h4 41. Rf7+ Kg6 42. g4 Bb4 43. Rb7 c5 44. Rxb4 1-0

[Event "III Memorial Oliver Gonzalez (Torneo A)"]
[Site "Polideportivo Daoiz y Velarde,"]
[Date "2012.09.01"]
[Round "1"]
[White "Rodrigo Yanguas, Maria"]
[Black "Lariño Nieto, David"]
[Result "0-1"]
[WhiteElo "2171"]
[BlackElo "2487"]
[PlyCount "58"]
[EventDate "2012.09.01"]
[EventRounds "9"]
[EventCountry "ESP"]

1. e4 c6 2. d4 d5 3. e5 Bf5 4. Nd2 e6 5. Nb3 Nd7 6. Be3 Ne7 7. Ne2 c5 8. Nxc5
Nxc5 9. dxc5 Nc6 10. Nd4 Be4 11. Nxc6 bxc6 12. c3 a5 13. Qa4 Qc8 14. Rd1 Be7
15. f3 Bg6 16. Be2 O-O 17. h4 h6 18. h5 Bh7 19. Qg4 Kh8 20. O-O Qb8 21. f4 Bf5
22. Qg3 Be4 23. Qf2 Qxb2 24. g4 f6 25. Rd2 Qxc3 26. exf6 Bxf6 27. g5 Bxg5 28.
Bg4 e5 29. Qe1 Bxf4 0-1

[Event "III Memorial Oliver Gonzalez (Torneo A)"]
[Site "Polideportivo Daoiz y Velarde,"]
[Date "2012.09.01"]
[Round "1"]
[White "Arribas Lopez, Angel"]
[Black "Vazquez Torres, Adrian"]
[Result "1-0"]
[WhiteElo "2467"]
[BlackElo "2149"]
[PlyCount "85"]
[EventDate "2012.09.01"]
[EventRounds "9"]
[EventCountry "ESP"]

1. Nf3 g6 2. e4 d6 3. Bc4 Bg7 4. d4 Nf6 5. Qe2 O-O 6. e5 Ne8 7. h3 c5 8. dxc5
dxe5 9. Nxe5 Qd4 10. Ng4 Qxc5 11. Nh6+ Bxh6 12. Bxh6 Ng7 13. Nd2 Nc6 14. Ne4
Qe5 15. O-O-O Be6 16. f4 Bxc4 17. Qxc4 Qa5 18. Rd5 Qb6 19. f5 Rfc8 20. fxg6
hxg6 21. Ng5 Ne5 22. Qe4 Nc4 23. Bxg7 Kxg7 24. b3 Ne3 25. Qxe7 Rxc2+ 26. Kb1
Rc7 27. Qe5+ Kg8 28. Rd6 Nc4 29. Rxb6 Nxe5 30. Rb5 Nd3 31. Rd5 Nf4 32. Rd2 Re8
33. Rf1 Ne2 34. Kb2 Ng3 35. Rf3 Re2 36. Rxe2 Nxe2 37. Ne4 Kf8 38. g4 Nd4 39.
Rd3 Ne6 40. Nf6 Re7 41. h4 Kg7 42. g5 Rc7 43. Ne8+ 1-0

[Event "III Memorial Oliver Gonzalez (Torneo A)"]
[Site "Polideportivo Daoiz y Velarde,"]
[Date "2012.09.01"]
[Round "1"]
[White "Barez Menendez, Hector"]
[Black "Almagro Llamas, Pablo"]
[Result "1/2-1/2"]
[WhiteElo "2167"]
[BlackElo "2455"]
[PlyCount "105"]
[EventDate "2012.09.01"]
[EventRounds "9"]
[EventCountry "ESP"]

1. d4 Nf6 2. Nf3 e6 3. e3 c5 4. Bd3 Nc6 5. O-O d5 6. b3 Be7 7. Bb2 O-O 8. c4
dxc4 9. Bxc4 a6 10. dxc5 Bxc5 11. Nc3 b5 12. Be2 Qe7 13. Qc2 Bb7 14. Rad1 Rac8
15. Ng5 Nb4 16. Qb1 h6 17. Nf3 Nbd5 18. Nxd5 Nxd5 19. Qa1 f6 20. Bd4 Bxd4 21.
Nxd4 Nc3 22. Rde1 e5 23. Nf5 Qa3 24. Bc4+ bxc4 25. Qxc3 Be4 26. g4 Bxf5 27.
gxf5 Qxa2 28. bxc4 Rxc4 29. Qd3 Rg4+ 30. Kh1 Qc4 31. Qxc4+ Rxc4 32. Ra1 Ra8 33.
Ra5 Kh7 34. Rd1 Rc6 35. Kg2 Rb8 36. Rda1 Rbb6 37. Kf3 h5 38. R1a4 Rb2 39. Ra2
Rxa2 40. Rxa2 Kh6 41. h4 Rb6 42. Ra4 g6 43. fxg6 Kxg6 44. Ke4 Re6 45. Kd5 Rb6
46. Ke4 Rd6 47. f4 exf4 48. Kxf4 Rb6 49. Ra5 Rc6 50. e4 Rb6 51. Ra2 Kf7 52. Ra5
Rc6 53. Rxh5 1/2-1/2

[Event "III Memorial Oliver Gonzalez (Torneo A)"]
[Site "Polideportivo Daoiz y Velarde,"]
[Date "2012.09.01"]
[Round "1"]
[White "Komljenovic, Davorin"]
[Black "Silva Rodriguez, Julio"]
[Result "0-1"]
[WhiteElo "2446"]
[BlackElo "2102"]
[PlyCount "78"]
[EventDate "2012.09.01"]
[EventRounds "9"]
[EventCountry "ESP"]

1. d4 Nf6 2. c4 e6 3. Nc3 Bb4 4. Qc2 O-O 5. a3 Bxc3+ 6. Qxc3 d6 7. Bg5 Nbd7 8.
e3 b6 9. Ne2 Ba6 10. b4 c5 11. dxc5 bxc5 12. b5 Bb7 13. a4 a6 14. a5 Qb8 15.
Bxf6 Nxf6 16. b6 d5 17. f3 Rd8 18. Rd1 d4 19. exd4 cxd4 20. Rxd4 Rxd4 21. Qxd4
Qf8 22. Nc1 e5 23. Qc3 e4 24. Be2 exf3 25. gxf3 Qc5 26. Nb3 Qg5 27. Kd1 Re8 28.
Re1 h6 29. h4 Qxh4 30. Nc5 Bc6 31. Nd3 Qg5 32. Kc2 Qf5 33. Kb2 Nd7 34. Nb4 Qxa5
35. c5 Nxc5 36. Nxc6 Na4+ 37. Kb3 Qxc3+ 38. Kxa4 Qxc6+ 39. Kb3 Rxe2 0-1

[Event "III Memorial Oliver Gonzalez (Torneo A)"]
[Site "Polideportivo Daoiz y Velarde,"]
[Date "2012.09.01"]
[Round "1"]
[White "Forcen Esteban, Daniel"]
[Black "Gonzalez Mateos, Rafael"]
[Result "1-0"]
[WhiteElo "2469"]
[BlackElo "2161"]
[PlyCount "67"]
[EventDate "2012.09.01"]
[EventRounds "9"]
[EventCountry "ESP"]

1. e4 e6 2. Nf3 d5 3. e5 c5 4. b4 cxb4 5. d4 Nc6 6. a3 f6 7. axb4 fxe5 8. b5 e4
9. bxc6 exf3 10. cxb7 Bxb7 11. Bb5+ Kf7 12. Qxf3+ Nf6 13. Nd2 Bd6 14. O-O Rf8
15. Qh3 Qb6 16. Rb1 Kg8 17. Bd3 Qc7 18. Rxb7 Bxh2+ 19. Qxh2 Qxb7 20. Nf3 h6 21.
Ba3 Rfc8 22. Qh3 Rc3 23. Qxe6+ Kh8 24. Ne5 Ne4 25. Nf7+ Kh7 26. Nd6 Qc6 27.
Qf5+ Kg8 28. Qe6+ Kh7 29. Bb4 Rxd3 30. cxd3 Nf6 31. Re1 a5 32. Bc5 a4 33. Qf5+
Kh8 34. Qg6 1-0

[Event "III Memorial Oliver Gonzalez (Torneo A)"]
[Site "Polideportivo Daoiz y Velarde,"]
[Date "2012.09.01"]
[Round "1"]
[White "Gomez Gonzalez, Javier"]
[Black "Barria Zuñiga, Daniel"]
[Result "0-1"]
[WhiteElo "2137"]
[BlackElo "2432"]
[PlyCount "60"]
[EventDate "2012.09.01"]
[EventRounds "9"]
[EventCountry "ESP"]

1. e4 c5 2. Nf3 e6 3. g3 b6 4. Bg2 Bb7 5. d3 d6 6. Nc3 Nf6 7. O-O Nbd7 8. Qe2
Be7 9. Nh4 Qc7 10. a4 a6 11. f4 O-O 12. Bd2 Nb8 13. e5 dxe5 14. fxe5 Nfd7 15.
Bxb7 Qxb7 16. Nf3 Nc6 17. Bf4 b5 18. axb5 axb5 19. Ne4 Rxa1 20. Rxa1 Ra8 21.
Rf1 b4 22. Nd6 Bxd6 23. exd6 Nd4 24. Nxd4 cxd4 25. Qh5 f6 26. Qg4 Qd5 27. h4
Rc8 28. Qe2 e5 29. Bc1 Qxd6 30. Qg2 Qc6 0-1

[Event "III Memorial Oliver Gonzalez (Torneo A)"]
[Site "Polideportivo Daoiz y Velarde,"]
[Date "2012.09.01"]
[Round "1"]
[White "Cardenas Serrano, Sergio"]
[Black "Roa Alonso, Santiago"]
[Result "0-1"]
[WhiteElo "2123"]
[BlackElo "2426"]
[PlyCount "96"]
[EventDate "2012.09.01"]
[EventRounds "9"]
[EventCountry "ESP"]

1. d4 Nf6 2. c4 e6 3. Nc3 Bb4 4. Qc2 c5 5. dxc5 Na6 6. g3 Qa5 7. Bd2 Qxc5 8.
Nf3 Qxc4 9. Bg2 O-O 10. O-O d5 11. e3 Qc7 12. Rac1 Qe7 13. a3 Bd6 14. Nd4 Bd7
15. e4 Be5 16. Nb3 d4 17. Nd1 Bb5 18. Re1 Rfd8 19. Ba5 b6 20. Bd2 Qd7 21. f4 d3
22. Qb1 Bd4+ 23. Kh1 e5 24. Nxd4 Qxd4 25. Nc3 Bc6 26. fxe5 Ng4 27. h3 Qf2 28.
hxg4 Qxd2 29. Rcd1 Qh6+ 30. Kg1 Nc5 31. Nd5 Ba4 32. Rxd3 Nxd3 33. Qxd3 Qg5 34.
Qd4 Bd7 35. Rf1 Bxg4 36. Qf2 Be6 37. Nc7 Rac8 38. Nxe6 fxe6 39. Qf7+ Kh8 40.
Qxe6 Re8 41. Qd6 Qxg3 42. b4 Rc1 43. Rxc1 Qe3+ 44. Kh2 Qxc1 45. e6 Qh6+ 46. Bh3
Qf6 47. Qd7 Rd8 48. e7 Qe5+ 0-1

[Event "III Memorial Oliver Gonzalez (Torneo A)"]
[Site "Polideportivo Daoiz y Velarde,"]
[Date "2012.09.01"]
[Round "1"]
[White "Espinosa Aranda, Angel"]
[Black "Pascual Palomo, Lucia"]
[Result "1-0"]
[WhiteElo "2422"]
[BlackElo "2120"]
[PlyCount "61"]
[EventDate "2012.09.01"]
[EventRounds "9"]
[EventCountry "ESP"]

1. e4 e6 2. Qe2 e5 3. Nf3 Nc6 4. g3 Bc5 5. Bg2 d6 6. O-O Bg4 7. c3 a5 8. d3 Nf6
9. Nbd2 O-O 10. h3 Be6 11. Kh2 h6 12. Nh4 Bb6 13. Nc4 Bxc4 14. dxc4 a4 15. Bd2
Na5 16. Nf5 Qd7 17. Rab1 Qe6 18. b3 Ra6 19. h4 axb3 20. axb3 Nc6 21. Bh3 Qe8
22. Qf3 Qd8 23. Nxh6+ gxh6 24. Bxh6 Re8 25. Qf5 Kh8 26. Bg5 Kg7 27. h5 Rh8 28.
g4 Nxg4+ 29. Bxg4 Qf8 30. Bf6+ Kg8 31. Qg5+ 1-0

[Event "III Memorial Oliver Gonzalez (Torneo A)"]
[Site "Polideportivo Daoiz y Velarde,"]
[Date "2012.09.01"]
[Round "1"]
[White "Collado Barbas, Laura"]
[Black "Pogorelov, Ruslan"]
[Result "0-1"]
[WhiteElo "2149"]
[BlackElo "2422"]
[PlyCount "128"]
[EventDate "2012.09.01"]
[EventRounds "9"]
[EventCountry "ESP"]

1. d4 Nf6 2. c4 e6 3. Nc3 Bb4 4. Qc2 O-O 5. e4 d5 6. e5 Ne4 7. Bd3 c5 8. Nf3
cxd4 9. Nxd4 Nc5 10. Bxh7+ Kh8 11. h4 dxc4 12. Be3 Qd5 13. O-O-O Bxc3 14. bxc3
Qxe5 15. Nf3 Nd3+ 16. Bxd3 cxd3 17. Qxd3 Qf5 18. Qc4 Nc6 19. h5 e5 20. Nh4 Be6
21. Qa4 Qg4 22. Qc2 Rfc8 23. f3 Qc4 24. a3 Ne7 25. g4 Nd5 26. Bd2 Nxc3 27. Bxc3
Qxc3 28. Rd8+ Rxd8 29. Qxc3 Rac8 30. Kb2 Rxc3 31. Kxc3 e4 32. fxe4 Bxg4 33. Rb1
b6 34. Rb5 Kh7 35. Rg5 Be6 36. Re5 Rd6 37. Rg5 Kh6 38. Nf3 f6 39. Rg3 Kxh5 40.
Rxg7 Rd7 41. Rg3 Rc7+ 42. Kb2 Bg4 43. Nd2 Kg5 44. Rd3 Kf4 45. Rd6 Ke5 46. Rd5+
Ke6 47. Nb3 Kf7 48. Rd4 Be6 49. Nd2 Ke7 50. Rd3 Rd7 51. Rxd7+ Kxd7 52. Kc3 Kc6
53. Nf3 Kc5 54. Nd4 Bf7 55. Kd3 a5 56. Kc3 b5 57. Nc2 Bg6 58. Kd3 f5 59. exf5
Bxf5+ 60. Kc3 Bxc2 61. Kxc2 Kc4 62. Kb2 Kd3 63. Kb3 Kd2 64. Kb2 a4 0-1

[Event "III Memorial Oliver Gonzalez (Torneo A)"]
[Site "Polideportivo Daoiz y Velarde,"]
[Date "2012.09.01"]
[Round "1"]
[White "Valles Moreno, Ivan"]
[Black "Blanco Sanchez, Jose Fernando"]
[Result "1-0"]
[WhiteElo "2385"]
[BlackElo "2107"]
[PlyCount "77"]
[EventDate "2012.09.01"]
[EventRounds "9"]
[EventCountry "ESP"]

1. e4 g6 2. d4 Bg7 3. c4 d6 4. Nc3 Nf6 5. f3 O-O 6. Be3 Nc6 7. Nge2 e5 8. Qd2
a6 9. d5 Nb8 10. Ng3 Ne8 11. Bd3 Qe7 12. O-O-O Nd7 13. Kb1 a5 14. Rde1 b6 15.
Bc2 Nc5 16. h4 Ba6 17. b3 Nf6 18. h5 Rfb8 19. a4 Nfd7 20. Rh2 Nf8 21. Nh1 f5
22. hxg6 f4 23. gxh7+ Kh8 24. Bf2 Ng6 25. Rg1 c6 26. dxc6 Qc7 27. Nb5 Qxc6 28.
Nxd6 Qd7 29. Qd5 Rf8 30. Rd1 Qc7 31. Rh5 Ne7 32. Qd2 Nc6 33. Bxc5 bxc5 34. Qd5
Rad8 35. Qxc5 Rf6 36. Nf5 Rxd1+ 37. Bxd1 Qf7 38. Qd5 Qxh5 39. Qg8# 1-0

[Event "III Memorial Oliver Gonzalez (Torneo A)"]
[Site "Polideportivo Daoiz y Velarde,"]
[Date "2012.09.01"]
[Round "1"]
[White "Elissalt Cardenas, Hector"]
[Black "Coleto Calderon, Jose Antonio"]
[Result "1-0"]
[WhiteElo "2353"]
[BlackElo "2096"]
[PlyCount "101"]
[EventDate "2012.09.01"]
[EventRounds "9"]
[EventCountry "ESP"]

1. d4 f5 2. c4 e6 3. Nf3 Nf6 4. g3 c6 5. Bg2 d5 6. O-O Bd6 7. b3 Qe7 8. Bb2 b6
9. Nbd2 O-O 10. Ne5 Bb7 11. Qc2 a5 12. a3 Rc8 13. Rfc1 Nbd7 14. Ndf3 c5 15. e3
b5 16. cxb5 cxd4 17. Nc6 Bxc6 18. bxc6 dxe3 19. fxe3 Rab8 20. Qd1 Nc5 21. Bxf6
Qxf6 22. Nd4 Ne4 23. a4 Be5 24. Rab1 Bxd4 25. Qxd4 Qxd4 26. exd4 Rb4 27. Bxe4
fxe4 28. Rc5 Rxd4 29. Rbc1 Rb4 30. Rxa5 Rxb3 31. Ra7 d4 32. Rd7 Kf8 33. Rxd4
Rc7 34. Rxe4 Ke7 35. Rec4 Rb6 36. Kg2 Kd6 37. Rd1+ Ke7 38. Rdc1 Kd6 39. Kf3 Ra6
40. Ke4 Ra5 41. g4 Re5+ 42. Kd3 Rd5+ 43. Rd4 Ke7 44. Rxd5 exd5 45. Kd4 Kd6 46.
a5 g6 47. g5 Ke6 48. Kc5 d4 49. Re1+ Kf5 50. Kb6 Rg7 51. c7 1-0

[Event "III Memorial Oliver Gonzalez (Torneo A)"]
[Site "Polideportivo Daoiz y Velarde,"]
[Date "2012.09.01"]
[Round "1"]
[White "Ginesta Caballero, Olga Lucia"]
[Black "Moreno Tejera, Emilio"]
[Result "0-1"]
[WhiteElo "2099"]
[BlackElo "2358"]
[PlyCount "126"]
[EventDate "2012.09.01"]
[EventRounds "9"]
[EventCountry "ESP"]

1. e4 e6 2. d3 d5 3. Nd2 Nf6 4. e5 Nfd7 5. f4 c5 6. Ngf3 Nc6 7. c3 b5 8. a4
bxa4 9. Qxa4 Qc7 10. Be2 Nb6 11. Qd1 a5 12. O-O Ba6 13. Re1 Be7 14. Nf1 O-O 15.
Ng3 g6 16. Bf1 a4 17. Be3 Qb7 18. Bf2 Na5 19. Nd2 c4 20. d4 Nb3 21. Rb1 Rfb8
22. Be3 Kf8 23. f5 exf5 24. Nxf5 gxf5 25. Qh5 Kg8 26. Nf3 Qc6 27. e6 Qxe6 28.
Bf4 Qg6 29. Qxg6+ hxg6 30. Bxb8 Bf8 31. Bc7 Nd7 32. Bf4 Nf6 33. Ng5 Ne4 34.
Nxe4 fxe4 35. Be2 Ra7 36. h4 Be7 37. g3 Bc8 38. Kf2 Rb7 39. Rh1 f6 40. g4 Bd8
41. Rbg1 Na5 42. Bc1 Nb3 43. Bf4 {(=)} Na5 44. Bc1 Bc7 45. g5 f5 46. h5 Nb3 47.
hxg6 Nxc1 48. Rxc1 f4 49. Rh7 Bf5 50. Rch1 Bxg6 51. Rh8+ Kg7 52. Rc8 f3 53. Bd1
Bf4 54. b4 axb3 55. Rhh8 b2 56. Rhg8+ Kf7 57. Rcf8+ Ke7 58. Rg7+ Kxf8 59. Rxb7
Bc1 60. Kg3 f2 61. Kxf2 b1=Q 62. Rxb1 e3+ 63. Ke1 Bd2+ 0-1

[Event "III Memorial Oliver Gonzalez (Torneo A)"]
[Site "Polideportivo Daoiz y Velarde,"]
[Date "2012.09.01"]
[Round "1"]
[White "Rabadan Velasco, Raul"]
[Black "Spitzer Isbert, Ramon"]
[Result "1-0"]
[WhiteElo "2347"]
[BlackElo "2078"]
[PlyCount "69"]
[EventDate "2012.09.01"]
[EventRounds "9"]
[EventCountry "ESP"]

1. e4 Nf6 2. Nc3 d5 3. e5 d4 4. Nce2 Ng4 5. f4 c5 6. Ng3 Qd5 7. Nf3 Nc6 8. b3
Ncxe5 9. fxe5 Nxe5 10. Bb5+ Bd7 11. Bxd7+ Nxd7 12. O-O e6 13. c4 Qc6 14. Qe2
Be7 15. d3 O-O 16. Bg5 Bd6 17. Ne4 Bc7 18. b4 b6 19. b5 Qb7 20. Bd2 Rae8 21.
Nfg5 h6 22. Nxf7 Rxf7 23. Rxf7 Kxf7 24. Qh5+ Ke7 25. Bxh6 gxh6 26. Qh4+ Kf8 27.
Rf1+ Kg7 28. Qg4+ Kh8 29. Qg6 Re7 30. g3 Qb8 31. Qxh6+ Rh7 32. Qxe6 Be5 33. Ng5
Rg7 34. Nf7+ Rxf7 35. Rxf7 1-0

[Event "III Memorial Oliver Gonzalez (Torneo A)"]
[Site "Polideportivo Daoiz y Velarde,"]
[Date "2012.09.01"]
[Round "1"]
[White "Rodriguez Melendez, Juan Humbe"]
[Black "Perez Gonzalez, Jose Manuel"]
[Result "0-1"]
[WhiteElo "2080"]
[BlackElo "2333"]
[PlyCount "100"]
[EventDate "2012.09.01"]
[EventRounds "9"]
[EventCountry "ESP"]

1. e4 c5 2. Nf3 d6 3. d4 cxd4 4. Nxd4 Nf6 5. Nc3 e6 6. Be2 a6 7. g4 b5 8. f3
Bb7 9. Be3 Nc6 10. Qd2 Be7 11. O-O-O Rc8 12. Kb1 Ne5 13. h4 Nfd7 14. Qe1 Nb6
15. Bd3 Nbc4 16. Bc1 Qc7 17. Ka1 O-O 18. g5 b4 19. Nce2 d5 20. h5 Nxf3 21. Nxf3
dxe4 22. Ned4 exd3 23. cxd3 e5 24. dxc4 exd4 25. Rf1 Rfe8 26. Qf2 Bxf3 27. Qxf3
Qxc4 28. Bf4 Rc5 29. Rc1 Qd5 30. Qxd5 Rxd5 31. Rfe1 Kf8 32. Rc6 d3 33. Bd2 a5
34. g6 hxg6 35. hxg6 Bf6 36. Rxe8+ Kxe8 37. Rc8+ Rd8 38. gxf7+ Kxf7 39. Rc5 Rh8
40. Rc1 Rh2 41. Rd1 g5 42. Kb1 Kg6 43. a3 g4 44. axb4 axb4 45. b3 g3 46. Bxb4
Rb2+ 47. Kc1 Rxb3 48. Rg1 Be5 49. Be1 Kf5 50. Bxg3 Bxg3 0-1

[Event "III Memorial Oliver Gonzalez (Torneo A)"]
[Site "Polideportivo Daoiz y Velarde,"]
[Date "2012.09.01"]
[Round "1"]
[White "Aranda Marin, Cristian"]
[Black "Santos Ruiz, Miguel"]
[Result "0-1"]
[WhiteElo "2328"]
[BlackElo "2050"]
[PlyCount "98"]
[EventDate "2012.09.01"]
[EventRounds "9"]
[EventCountry "ESP"]

1. Nf3 Nf6 2. c4 b6 3. d4 e6 4. a3 Bb7 5. Nc3 d5 6. cxd5 Nxd5 7. Qc2 Be7 8. e4
Nxc3 9. bxc3 O-O 10. Bd3 c5 11. O-O Qc8 12. Qe2 Ba6 13. Bf4 Bxd3 14. Qxd3 cxd4
15. cxd4 Qa6 16. Rfd1 Qxd3 17. Rxd3 Nd7 18. d5 Nc5 19. Re3 exd5 20. exd5 Bf6
21. Rd1 Rad8 22. Ne5 Bxe5 23. Bxe5 Rd7 24. Bg3 f6 25. d6 Rfd8 26. h4 Nb7 27. h5
h6 28. Kh2 Kf8 29. Red3 Nc5 30. Rd4 Re8 31. f3 Re3 32. a4 Ra3 33. Re1 Rd3 34.
Rh4 Nb7 35. a5 bxa5 36. Bf2 Nxd6 37. Ra4 Rd5 38. g4 Nf7 39. Kg2 Ne5 40. Be3 Rc7
41. Re4 Rc2+ 42. Kg3 Rc3 43. Kg2 Rdd3 44. f4 Nxg4 45. Bf2 Kg8 46. Re8+ Kh7 47.
Ra8 Rd2 48. f5 Rxf2+ 49. Kg1 Rg3+ 0-1